History Quiz

Random History or Clickable Quiz

Presidents: Last Words & Clues Quiz Stats

Quiz Updated Mar 12, 2016

Challenge
Share
Tweet
Embed
Score 0/31 Timer 10:00
2 Plays Today
% Correct
Lincoln, Abraham
95.4%
Kennedy, John F.
94.3%
Roosevelt, Franklin D.
91.2%
Adams, John
79.9%
Washington, George
62%
Monroe, James
54.4%
Jefferson, Thomas
52.9%
Johnson, Lyndon
44.3%
Harrison, William Henry
43%
Coolidge, Calvin
42.9%
Madison, James
42.3%
Jackson, Andrew
34.4%
Buchanan, James
31%
Taylor, Zachary
29.5%
Hayes, Rutherford
28.9%
Van Buren, Martin
27.1%
% Correct
Grant, Ulysses S.
26%
Cleveland, Grover
25.1%
Adams, John Quincy
23.4%
Eisenhower, Dwight
23.2%
Polk, James K.
22%
Wilson, Woodrow
20%
McKinley, William
19.1%
Johnson, Andrew
19%
Harding, Warren G.
18.8%
Tyler, John
17.9%
Garfield, James A.
17.4%
Fillmore, Millard
15.9%
Roosevelt, Theodore
14.4%
Harrison, Benjamin
14.1%
Hoover, Herbert
9.6%

You're not logged in!

Compare scores with friends on all Sporcle quizzes.
Sign Up with Email
OR
Log In

You Might Also Like...

Show Comments

Extras

Top Quizzes Today


Score Distribution

Your Account Isn't Verified!

In order to create a playlist on Sporcle, you need to verify the email address you used during registration. Go to your Sporcle Settings to finish the process.